000 00868cam a22003013a 4500
001 1296
003 PGUSA
005 20140828082959.0
008 980401s1998||||xxu|||||s|||||000 1 eng d
040 _aPGUSA
_beng
042 _adc
050 4 _aPR
100 1 _aGalt, John,
_d1779-1839
245 1 4 _aThe Provost
_h[electronic resource] /
_cJohn Galt
260 _bProject Gutenberg,
_c1998
506 _aPublic domain in the USA.
516 _aElectronic text
653 _aMunicipal government -- Fiction
653 _aHumorous stories
653 _aMerchants -- Fiction
653 _aPoliticians -- Fiction
653 _aPolitical fiction
653 _aScotland -- Social life and customs -- Fiction
653 _aIrvine (Scotland) -- Fiction
830 0 _aProject Gutenberg
_v1296
856 4 0 _uhttp://www.gutenberg.org/ebooks/1296
942 _cEB
999 _c230644
_d230644